Воронежская область: история и статистика (Запись № 11015684)

Подробности
000 -МАРКЕР
контрольное поле 02494nam0a2200433 4500
001 - ИДЕНТИФИКАТОР ЗАПИСИ
контрольное поле RU\NLR\BIBL_A\011009619
005 - ИДЕНТИФИКАТОР ВЕРСИИ
контрольное поле 20260407135517.0
010 ## - МЕЖДУНАРОДНЫЙ СТАНДАРТНЫЙ НОМЕР КНИГИ (ISBN)
Номер (ISBN) 978-5-905995-12-5
Тираж 250
021 ## - НОМЕР ГОСУДАРСТВЕННОЙ РЕГИСТРАЦИИ
Код страны Российская Федерация
Номер 2016-14268
Номер Листа государственной регистраци 921
035 ## - ДРУГИЕ СИСТЕМНЫЕ НОМЕРА
Идентификатор записи (NLR Aleph) 011009619
035 ## - ДРУГИЕ СИСТЕМНЫЕ НОМЕРА
Идентификатор записи (NILC)RuMoRGB-008156171
100 ## - ДАННЫЕ ОБЩЕЙ ОБРАБОТКИ
Данные общей обработки 20160315d2015 k y0rusy50 ca
101 0# - ЯЗЫК РЕСУРСА
Язык текста, звукозаписи и т.д. русский
102 ## - СТРАНА ПУБЛИКАЦИИ ИЛИ ПРОИЗВОДСТВА
Страна публикации Российская Федерация
105 ## - ПОЛЕ КОДИРОВАННЫХ ДАННЫХ: ТЕКСТОВЫЕ МАТЕРИАЛЫ, МОНОГРАФИЧЕСКИЕ
Кодированные данные о монографическом текстовом документе acb|z|||000yy
200 1# - ЗАГЛАВИЕ И СВЕДЕНИЯ ОБ ОТВЕТСТВЕННОСТИ
Основное заглавие Воронежская область: история и статистика
Первые сведения об ответственности [С.В. Гриценко, Е.В. Киселева, Н.Ю. Нецепляева и др.
Последующие сведения об ответственности под ред. И.В. Соловьевой]
-- Федер. служба гос. статистики, Террит. орган Федер. службы гос. статистики по Воронеж. обл.
210 ## - ПУБЛИКАЦИЯ, РАСПРОСТРАНЕНИЕ И ДР.
Место издания, распространения и т.д. Воронеж
Имя издателя, распространителя и т. д. Воронежстат
Дата издания, распространения и т.д. 2015
215 ## - ФИЗИЧЕСКАЯ ХАРАКТЕРИСТИКА
Специфическое обозначение материала и объем 263 с.
Другие сведения о физической характеристике цв. ил., портр., карт.
Размеры 21
300 ## - ОБЩИЕ ПРИМЕЧАНИЯ
Текст примечания Авт. указаны на обороте тит. л.
320 ## - ПРИМЕЧАНИЯ О НАЛИЧИИ В ДОКУМЕНТЕ БИБЛИОГРАФИИ / УКАЗАТЕЛЯ
Текст примечания Библиогр.: с. 252-262 (173 назв.) и в подстроч. примеч.
607 ## - ГЕОГРАФИЧЕСКОЕ НАИМЕНОВАНИЕ КАК ПРЕДМЕТ
Географическое наименование Воронежская область
Тематический подзаголовок Народное хозяйство
Географический подзаголовок Статистика
Системный номер авторитетной/нормативной записи 2615153
Идентификатор авторитетной/нормативной записи RU\NLR\AUTH\661551712
607 ## - ГЕОГРАФИЧЕСКОЕ НАИМЕНОВАНИЕ КАК ПРЕДМЕТ
Географическое наименование Воронежская область
Тематический подзаголовок История
Системный номер авторитетной/нормативной записи 1375397
Идентификатор авторитетной/нормативной записи RU\NLR\AUTH\66262959
675 ## - УНИВЕРСАЛЬНАЯ ДЕСЯТИЧНАЯ КЛАССИФИКАЦИЯ (UDC/УДК)
Индекс 908
686 1# - ИНДЕКСЫ ДРУГИХ КЛАССИФИКАЦИЙ
Индекс Т3(2Р-4Вр)0,02
686 1# - ИНДЕКСЫ ДРУГИХ КЛАССИФИКАЦИЙ
Индекс У03(2Р-4Вр)-05
701 #1 - ИМЯ ЛИЦА - АЛЬТЕРНАТИВНАЯ ОТВЕТСТВЕННОСТЬ
Начальный элемент ввода Гриценко
Часть имени, кроме начального элемента ввода С. В.
Дополнения к именам, кроме дат канд. экон. наук
Расширение инициалов личного имени Сергей Викторович
Системный номер авторитетной/нормативной записи 192699
Идентификатор авторитетной/нормативной записи RU\NLR\AUTH\770192750
701 #1 - ИМЯ ЛИЦА - АЛЬТЕРНАТИВНАЯ ОТВЕТСТВЕННОСТЬ
Материалы, к которым относится поле rus
Графика поля Кириллица
Начальный элемент ввода Киселева
Часть имени, кроме начального элемента ввода Е. В.
Дополнения к именам, кроме дат экономист-статистик
Расширение инициалов личного имени Елена Васильевна
Идентификатор авторитетной/нормативной записи RU\NLR\AUTH\77124912
Системный номер авторитетной/нормативной записи 107837
701 #1 - ИМЯ ЛИЦА - АЛЬТЕРНАТИВНАЯ ОТВЕТСТВЕННОСТЬ
Начальный элемент ввода Нецепляева
Часть имени, кроме начального элемента ввода Н.Ю.
702 #1 - ИМЯ ЛИЦА - ВТОРИЧНАЯ ОТВЕТСТВЕННОСТЬ
Код отношения Редактор
Начальный элемент ввода Соловьева
Часть имени, кроме начального элемента ввода И. В.
Дополнения к именам, кроме дат экономист, статистика
Даты 1961-
Расширение инициалов личного имени Ирина Владимировна
Системный номер авторитетной/нормативной записи 160726
Идентификатор авторитетной/нормативной записи RU\NLR\AUTH\770160768
712 01 - НАИМЕНОВАНИЕ ОРГАНИЗАЦИИ - ВТОРИЧНАЯ ОТВЕТСТВЕННОСТЬ
Код отношения Прочие
Начальный элемент ввода Российская Федерация
Структурное подразделение Федеральная служба государственной статистики
-- Территориальный орган по Воронежской области
Идентификатор авторитетной/нормативной записи RU\NLR\AUTH\8810082131
Системный номер авторитетной/нормативной записи 666449
801 #0 - ИСТОЧНИК ЗАПИСИ
Страна Российская Федерация
Организация РГБ
Дата составления 20160224
Правила каталогизации RCR
801 #2 - ИСТОЧНИК ЗАПИСИ
Страна Российская Федерация
Организация РГБ
Дата составления 20160229
Правила каталогизации rcr
801 #1 - ИСТОЧНИК ЗАПИСИ
Страна Российская Федерация
Организация РГБ
Дата составления 20160224
Источник данных rusmarc
942 ## - ДОПОЛНИТЕЛЬНЫЕ ЭЛЕМЕНТЫ ЗАПИСИ (АБИС)
Тип экземпляра АБИС Книга
980 ## - КОЛЛЕКЦИЯ
Название коллекции НБР
980 ## - КОЛЛЕКЦИЯ
Название коллекции Национальная библиография

Нет доступных экземпляров.